000 00389nam a2200157Ia 4500
008 221030s9999 xx 000 0 und d
020 _a9350040140
041 _aEnglish
082 _a105.23
100 _aG. T. Thampi
245 0 _aProgramming For Mobile & Remote Computers
_cby G. T. Thampi
260 _bDreamtech Press
_c2011
300 _a627
650 _aComputers
942 _cBK
999 _c10124
_d10124